=LDR 00000nam 2200000 4500 =001 INLIS000000000045484 =005 20231107071509 =035 ##$$a 0010-021500000000044 =008 231107################g##########0#ind## =020 ##$$a 978-602 9433- 41-8 =040 ##$$a NBPDMAT =082 ##$$a R.500 =090 ##$$a 500 $b Mar s =100 ##$$a Maria Elisabeth =245 1#$$a Super Intisari Rumus dan Hafalan IPA SMP kelas vii, viii dan ix /$c Maria Elisabheth E.K.S.Si =250 ##$$a Cet.1 =260 ##$$a Yogyakarta :$b Pustaka Edukasia,$c 2013 =300 ##$$a x, 212 hlm . ; $c 16 x 8 cm =500 ##$$a Bibliografi : hlm.211 - 212 =650 #4$$a Sains SMP =850 ##$$a NBPDMAT =084 ##$$a R.500 MAR s =990 ##$$a 21423087 =990 ##$$a 21423088 =990 ##$$a 21423089 =990 ##$$a 21423090 =990 ##$$a 21423091 =990 ##$$a 21423087 =990 ##$$a 21423088 =990 ##$$a 21423089 =990 ##$$a 21423090 =990 ##$$a 21423091 =990 ##$$a 21423090 =990 ##$$a 21423087 =990 ##$$a 21423088 =990 ##$$a 21423089 =990 ##$$a 21423091 =990 ##$$a 21423091 =990 ##$$a 21423087 =990 ##$$a 21423088 =990 ##$$a 21423089 =990 ##$$a 21423090 =990 ##$$a 21423088 =990 ##$$a 21423087 =990 ##$$a 21423089 =990 ##$$a 21423090 =990 ##$$a 21423091 =990 ##$$a 21423089 =990 ##$$a 21423087 =990 ##$$a 21423088 =990 ##$$a 21423090 =990 ##$$a 21423091